| 000 | 00612cam a2200205 4500 | ||
|---|---|---|---|
| 001 | J1566 | ||
| 008 | 090401t1993 xxu||||| |||| 00| 0 eng d | ||
| 035 | _a(Sirsi) u44243 | ||
| 041 | _aeng | ||
| 110 |
_aEurope _bEuropean Communities Council _92364 |
||
| 245 | _aCouncil Regulation (EEC) No 696/93 of 15 March 1993 on the statistical units for the observation and analysis of the production system in the Community | ||
| 260 | _c1993 | ||
| 300 | _a(12)p. ; 30cm. | ||
| 350 | _a0 | ||
| 650 | _aEC REGULATIONS | ||
| 650 | _aEUROPEAN COMMUNITY | ||
| 650 | _aPRODUCTION | ||
| 942 | _n0 | ||
| 948 | _c04/03/1997 | ||
| 999 |
_c91466 _d91466 |
||